00903nam a2200217Ia 4500008004100000020001700041040001400058082002200072100003700094245008600131260004100217300001700258365002600275366000800301505002200309530003000331620013700361630008600498650001500584730008600599100315s9999 xx 000 0 und d a0312101899  cENGLISH  b9081 a332.042  a"Ghosh, Dilip K., Ortiz, Edgar " aThe Changing Environment of International Financial Markets : Issues and Analysis aLondon bMacmillan Press  c1994  a"xiv,350  " eRupees d1 b0.00  f0  gVaibhav Gaikwad  bDonated By RBI Library   a"International Financial Market, International Finance, Foreign Exchange, Interest rates, Balance of Payments, Economic, RBI Book " aThe Changing Environment of International Financial Markets : Issues and Analysis aECONOMIC  aThe Changing Environment of International Financial Markets : Issues and Analysis